All Destroyer Classes of the USN - Statistics

General Stats
  • This quiz has been taken 8 times
  • The average score is 20 of 35
Answer Stats
Year they were first laid down Members in class Answer % Correct
1943 58 Allen M. Sumner
100%
1988 74 Arleigh Burke
100%
1941 175 Fletcher
100%
1944 98 Gearing
100%
1934 18 Mahan
100%
1933 8 Porter
100%
1935 5 Somers
100%
1935 8 Bagley
75%
1938 30 Benson
75%
1918 156 Clemson
75%
1932 8 Farragut
75%
1956 10 Farragut
75%
1938 66 Gleaves
75%
1935 4 Gridley
75%
1937 12 Sims
75%
1936 10 Benham
50%
1916 6 Caldwell
50%
1953 18 Forrest Sherman
50%
1943 12 Robert H. Smith
50%
1915 6 Sampson
50%
1917 111 Wickes
50%
2008 3 Zumwalt
50%
1912 4 Aylwin
25%
1899 13 Bainbridge
25%
1912 4 Cassin
25%
1957 23 Charles F. Adams
25%
1978 4 Kidd
25%
1949 4 Mitscher
25%
1949 1 Norfolk
25%
1913 6 O'Brien
25%
1909 21 Paulding
25%
1908 5 Smith
25%
1972 31 Spruance
25%
1899 3 Truxtun
25%
1914 6 Tucker
25%
No matching quizzes found
Score Distribution
Percent of People with Each Score
Percentile by Number Answered
Your Score History
You have not taken this quiz